01164cam a22003854i 4500003000900000005001700009008004100026020001500067020001800082035002700100040003300127082002100160100003100181245009200212264004900304300004300353336002100396337002500417338002300442504003900465504003300504505010000537526001000637526001000647526001000657526001000667526000800677526000800685526000800693526000800701526000800709526000800717526000800725630004500733PE-LiUPU20250731173147.0150623s2002 miu rb 001 0 eng d a1883925320 a9781883925321 a(Sirsi) i9781883925321 aPE-LiUPUbspacPE-LiUPUerda04a228.077bS792211 aStefanovic, Ranko,eautor.10aRevelation of Jesus Christ :bcommentary on the book of revelation /cRanko Stefanovic. 1aMichigan :bAndrews University Press,c2002. axvi, 652 páginas ;c24 centímetros atext2rdacontent aunmediated2rdamedia avolume2rdacarrier aBibliografía: páginas 614-626. aÍndice: páginas 627-654.0 aProlegue -- The messages to the seven churches -- The opening of the sealed scroll -- Epilogue. aSEG42 aSEG41 aSEG40 aSEG39 aP94 aP87 aP86 aP85 aP77 aP76 aP35 aBiblia.pN.T.pApocalipsisxComentarios.